000 00672nam a2200265Ia 4500
005 20260121170011.0
008 008 260114s9999 xx 000 0 eng d
020 _a9783319451237
037 _aEBOOK
040 _aCRL
040 _beng
040 _cCRL
041 _2eng
041 _aeng
084 _qCRL
100 _aIgor Ivan, Alex Singleton, Ji?í Horák, Tomáš Inspektor
_91058590
245 4 _aThe Rise of Big Spatial Data
260 _bSpringer
260 _bSpringer
260 _c2017
856 _uhttps://link.springer.com/openurl?genre=book&isbn=978-3-319-45123-7
942 _cEBOOK
999 _c1624319
_d1624319